[Event "Caissa intern 2017-2018"]
[Site "?"]
[Date "2018.04.24"]
[Round "2.14"]
[White "Witt, Rob"]
[Black "Wiersma, Eelke"]
[Result "1/2-1/2"]
[WhiteElo "2159"]
[BlackElo "2337"]
[Annotator "Witt"]
[PlyCount "36"]
[EventDate "2018.??.??"]

{In deze voorlaatste ronde zou ik bij winst nog kans maken op de 3e plaats en
Eelke zou bij winst nog een kleine kans maken op de 1e plaats als Gertjan niet
wint.} 1. d4 Nf6 2. c4 c5 {Een verrassing. Eelke speelt al jaren
Koningsindisch en de laatste tijd ook het Klassiek Damegambiet.} 3. d5 g6 {
Gelukkig geen Benkö waar ik altijd moeite mee heb.} 4. Nc3 Bg7 5. e4 d6 {
Wit kan hier allerlei opstellingen innemen. Ik heb geen idee wat het meest
kansrijk is. Ik geloof dat ik dit voor het laatst op het bord heb gehad ergens
in de jaren 70.} 6. Nf3 O-O 7. Be2 {Volgens Eelke wordt vaker h3 en Ld3
gespeeld.} e6 8. O-O Re8 9. h3 exd5 10. exd5 Bf5 11. Bd3 {Na een kwartier.} (
11. Nh4 {leek me weinig zin hebben na} Bd7 ({Al had ik wel wat tijd verdaan
met een onzinvariant} 11... Ne4 $2 12. Nxf5 Bxc3 13. Nh6+ Kf8 14. Bd3 Bg7 15.
Bxe4 Rxe4 16. Nxf7 $1) 12. Bf4 $2 ({Er is niet veel beter dan} 12. Nf3) 12...
Ne4 $1) (11. g4 {kon ik niet goed beoordelen. Ik heb vergeten te vragen wat
Eelke hierop van plan was.}) 11... Ne4 {De eerste zet waar Eelke over nadacht.}
12. Nxe4 Bxe4 13. Bxe4 Rxe4 14. Qc2 Re8 {Na 10 minuten.} 15. Bf4 {Na 10
minuten.} Na6 {Na een kwartier.} (15... Qf6 {is niks na} 16. Bg5 Qxb2 17. Qxb2
Bxb2 18. Rab1 Re2 19. Bd2 $1) ({Na} 15... Qb6 {zou ik} 16. Rae1 {gespeeld
hebben.} ({Maar de engine geeft} 16. Qa4 {wat misschien beter is.}) 16... Nd7
17. b3) 16. Rab1 ({Het alternatief was} 16. Rae1 {maar ik wist nog niet of ik
snel torens wilde ruilen.}) 16... Qd7 {Na 10 minuten.} 17. a3 b5 18. b3 Nc7 {
Na 5 minuten. Eelke liet dit vergezeld gaan met een remiseaanbod wat ik na
enkele minuten aannam. Eelke dacht dat hij misschien iets minder stond door de
zwakte d6, maar bij de analyse kregen we iedere keer ongeveer gelijke
stellingen. Gertjan van der Hoeven speelde later op de avond ook remise zodat
hij een ronde voor het einde niet meer in te halen is. Over twee weken is de
traditionele duosimultaan door Gertjan en Alje Hovenga die de eerste cyclus
gewonnen heeft. En daarna spelen zij een match van twee partijen om het
clubkampioenschap.} 1/2-1/2

[Event "Zottegem-Jean Jaurès 21/2-51/2"]
[Site "?"]
[Date "2018.04.29"]
[Round "11"]
[White "Witt, Rob"]
[Black "Dellaert, Sander"]
[Result "1-0"]
[WhiteElo "2159"]
[BlackElo "1823"]
[Annotator "Witt"]
[PlyCount "31"]
[EventDate "2018.??.??"]

{We zijn reeds kampioen en in deze laatste ronde troffen we Zottegem dat reeds
gedegradeerd was. Aan bord 8 zat bij ons N.O. zodat we met een 1-0 achterstand
begonnen. Zelf trof ik aan bord 6 een invaller.} 1. d4 Nf6 2. c4 g6 3. Nc3 Bg7
4. e4 d6 5. f3 {Mijn 17-jarige tegenstander zei na afloop dat hij nog nooit
tegen de Sämisch had gespeeld.} O-O 6. Be3 e5 {Dat ben ik helemaal niet meer
gewend.} ({De laatste tijd krijg ik alleen maar} 6... c5 {te bestrijden.}) 7.
Nge2 Nbd7 8. Qd2 exd4 ({Gebruikelijker is} 8... c6) ({En ook} 8... a6 {wordt
veel gespeeld.}) 9. Nxd4 Nc5 $6 10. Be2 Re8 11. O-O c6 $2 12. Rfd1 {Dreigt Pxc6
} Qe7 13. Nc2 d5 $2 ({Het enige was} 13... Bf8 {maar zo hoor je de KID niet te
spelen.}) 14. cxd5 cxd5 15. exd5 ({Goed genoeg maar} 15. e5 {was nog sterker
geweest.}) 15... Bf5 $2 {Snel gespeeld.} ({Noodzakelijk was} 15... b6 {maar
ook dan staat wit gewonnen.}) 16. d6 {Wint een stuk. Na een minuut of 10 gaf
Sander teleurgesteld op. We wonnen uiteindelijk met 5½-2½.} 1-0

[Event "Caissa intern 2017-2018"]
[Site "?"]
[Date "2018.05.01"]
[Round "2.15"]
[White "Straat, Evert"]
[Black "Witt, Rob"]
[Result "0-1"]
[WhiteElo "2094"]
[BlackElo "2166"]
[Annotator "Witt"]
[PlyCount "92"]
[EventDate "2018.??.??"]

{De laatste ronde van de 2e cyclus trof ik Evert Straat. Bij winst had ik nog
een kleine kans om 3e te worden als de concurrentie remise zou spelen.} 1. d4
Nf6 2. c4 e6 3. Nc3 d5 {Inspiratie van het moment. Normaal speel ik altijd
Nimzo-indisch.} 4. cxd5 exd5 5. Bg5 c6 6. e3 Be6 {Deze minder gebruikelijke
opbouw was mij tot voor kort onbekend. Een half jaar geleden speelde Eelke
Wiersma zo tegen mij.} 7. Nf3 ({Tegen Eelke speelde ik} 7. Bd3 Nbd7 8. Nge2 h6
9. Bh4 g5 10. Bg3 Nh5 11. Qc2 Nxg3 12. Nxg3 h5 13. h4 (13. Nf5 h4 14. O-O-O Qc7
15. Kb1 O-O-O 16. g3 Kb8 $13 {Karjakin,S (2783)-Meier,G (2630) chess.com INT
2017 (43.½-½)}) 13... Qf6 14. O-O-O O-O-O 15. Nf5 gxh4 16. Nxh4 Kb8 17. g3 c5
18. Bf5 Rc8 (18... cxd4 $5) 19. Bxe6 fxe6 20. Ng6 Rh6 21. Nf4 $2 (21. Nxf8 $13)
21... cxd4 22. exd4 h4 $15 {Witt,R (2118)-Wiersma,E (2339) Caissa intern
2017-2018 2017 (43.½-½).}) ({Terwijl Evert nadacht vroeg ik me af wat zwart
moet doen op} 7. Qb3 $146 {Ik vermoed} Qb6 {Ik denk niet dat zwart bang hoeft
te zijn voor} 8. Bxf6 Qxb3 9. axb3 gxf6 10. Bd3 h5 $13) 7... Nbd7 8. Bd3 h6 9.
Bh4 g5 10. Bg3 Nh5 11. Qc2 ({Op} 11. Be5 {plande ik} f6 {bijv.} 12. Bg6+ Bf7
13. Bxf7+ Kxf7 14. Bg3 {met wederzijdse kansen.}) 11... Nxg3 12. hxg3 Qf6 ({
Er zijn ook enkele partijen met} 12... Bg7 13. a3 (13. Bf5 Qf6 14. g4 Bxf5 15.
gxf5 g4 16. Ng1 Nb6 17. Nge2 h5 18. g3 h4 19. gxh4 Rxh4 20. O-O-O O-O-O $13 {
Saiyn,Z (2394)-Lenderman, A (2626) Doha 2015 (43.½-½)}) (13. Rb1 Qe7 14. b4
Rc8 15. Ne2 h5 16. Bf5 Bf6 17. Kf1 Kf8 $13 {Arencibia Rodriguez,W (2548)
-Campora,D (2506) Cali 2001 (35.0-1).}) 13... Qe7 14. Na4 O-O 15. O-O f5 16. b4
Rae8 17. Nc5 Nxc5 18. bxc5 $13 {Wang,Y (2690) -Fedoseev,V (2718) Riadh 2017 
(56.½-½).}) 13. O-O-O $146 (13. Rb1 Be7 (13... h5 14. e4 Nb6 15. Kf1 O-O-O
16. b4 g4 17. e5 Qh6 18. Nh4 Kb8 19. Kg1 Nc4 {Koval,V (2157)-Lukasevicius,P 
(2115) ICCF email 2016 (45.½-½).}) 14. b4 h5 15. e4 h4 16. exd5 cxd5 17. Nb5
Kf8 18. gxh4 Bg4 19. Be2 Kg7 20. Rb3 Rac8 $15 {Muukkonen,K (2417)-Osipov,S 
(2441) ICCF email 2013 (46.0-1).}) (13. Qb3 O-O-O 14. O-O Kb8 15. Ba6 Nb6 16.
a4 Qe7 17. a5 Nc4 $13 {Hauff, A (2354)-Sodomski,A (2278) ICCF email 2015 (30.
½-½).}) 13... O-O-O 14. Kb1 Kb8 15. Rhe1 $6 {Lijkt niet zo nuttig. Als Evert
e4 wil spelen, had dat ook meteen gekund.} ({Ik verwachtte hier ook} 15. e4 {
Ik zou in ieder geval niet genomen hebben en waarschijnlijk gekozen hebben voor
} Rc8) 15... Bg7 $6 {Drukt alvast op d4 als ik in de toekomst c5 kan spelen.} (
{De engine voelt veel meer voor} 15... Bb4 {met een plusje voor zwart.}) 16.
Rd2 {Waarschijnlijk met de bedoeling om pion f2 een extra dekking te geven
zodat wit met de dame kan spelen. Bovendien dekt de toren ook b2 zodat zwart
niet zo makkelijk tot c5 komt.} Rc8 17. Na4 Qe7 ({Een ander plan hier of op de
volgende zet is} 17... h5 $5) 18. Rc1 b6 $6 {Dit blijkt toch een beetje
verzwakkend. Het leek me ook riskant tijdens de partij maar ik zag niet hoe
wit kon profiteren.} (18... h5 $5) 19. Qb3 Qd6 $6 {Ik onderschatte wit's
volgende zet.} ({Mijn alternatief was} 19... Ka8) ({Ik zag ook} 19... c5 {
maar dat vond ik te vervlakkend na} 20. Nxc5 Nxc5 21. Rxc5 Rxc5 22. dxc5 Qxc5
$11) 20. Nc5 $1 Ka8 {Wit heeft hier nog een kwartier, zwart een half uur.} 21.
Ba6 $2 ({Wit kan beter mijn loper slaan.} 21. Nxe6 fxe6 {en nu misschien} 22.
e4 $13 ({of eerst} 22. Rdc2 Rc7 $13)) 21... Rc7 $2 ({En ik had mijn loper
moeten 'redden'.} 21... Bf5+) 22. Nxd7 $2 {Nu komt zwart beter te staan.} (22.
Nxe6 $13) 22... Bxd7 23. Bd3 Re8 $6 {Geen idee waarom ik dit speelde.
Misschien om e4 eruit te halen.} (23... Rhc8) 24. Rdc2 f6 $6 {Ook een beetje
vreemd. Mijn idee was de loper naar een andere diagonaal te spelen zonder dat
wit Pe5 heeft.} ({Er was niks tegen} 24... c5 $15) 25. Ka1 {Op zich
begrijpelijk. Wit wil Ld3 weg kunnen spelen zonder last te hebben van Lf5.} ({
Maar wit had beter kunnen proberen zijn paard naar de damevleugel om te spelen.
} 25. Ng1) 25... Bf8 26. Bb5 Rec8 27. Ba6 Rb8 28. Bb5 Rcc8 ({De computerzet} 
28... a6 29. Bxa6 $4 b5 {heb ik natuurlijk niet overwogen.}) 29. Ba6 Re8 30.
Bf1 {Wit nog 5 minuten, zwart 23 minuten.} (30. Be2) 30... c5 31. dxc5 $2 {
Na 2 minuten. Maar dit helpt alleen zwart.} ({Na} 31. Bb5 c4 32. Qa4 Bxb5 33.
Qxb5 Kb7 34. Qa4 {is de witte stelling misschien nog te verdedigen.}) 31...
bxc5 32. Qa3 Rec8 (32... Qb6 $1) 33. Qa5 (33. Nd2) 33... Be7 $6 (33... f5 $1)
34. Qd2 (34. Ba6) 34... f5 {Hier moet zwart gewonnen staan.} 35. Rd1 Be6 {
Lijkt logisch, kijkt immers indirect naar de witte koning. Maar de andere
diagonaal is beter.} (35... Ba4 36. b3 Bc6 $19) 36. Bc4 Rd8 37. Be2 Bf6 38. Qc1
Qb6 39. Nd2 {Ik dacht dat wit dreigde te rommelen met Pc4 en Lf3 en besloot na
5 minuten mijn koning wat lucht te geven. Ik had echter niet door dat dit
paard naar b3 wil. Gelukkig had Evert dat ook niet door.} a5 $2 ({beter was
daarom} 39... Bd7) 40. Bf3 $2 {Wit leeft vanaf hier op zijn increment van 15
seconden.} ({Taaier was} 40. Nb3 {Zwart moet dan nog nauwkeurig spelen.} Rdc8
41. Kb1 $1 Be7 ({Vooral niet} 41... a4 $2 {Dat geeft het voordeel weg wegens}
42. Nxc5 Rxc5 43. Rxc5 Qxb2+ (43... Bxb2 44. Rc6 $1 $11) 44. Qxb2 Rxb2+ 45. Kc1
Rxe2 46. Rc6 Bb2+ 47. Kb1 Bd7 {met onduidelijke rotzooi.}) (41... c4 42. Nd4 g4
43. Rc3 Rc7 44. Rd2 {is ook niet zo duidelijk gewonnen.}) 42. Bf3 {en
Stockfish vervolgt met} a4 43. Rxd5 axb3 44. Rdxc5+ Ka7 45. Rxc8 bxc2+ 46. Rxc2
Bd6 {En het is maar de vraag of zwart hier op winst staat.}) 40... g4 41. Be2
a4 42. Nb1 Rd7 {zwart nog 8 minuten.} 43. a3 Qb3 44. Nc3 $2 (44. Rd3) 44... d4
45. exd4 cxd4 46. Qxh6 dxc3 {En terwijl de laatste seconden wegtikten, gaf
Evert op. Van mijn concurrenten wist Michael Wunnink te winnen van Piet van
der Weide zodat hij 3e werd achter Gertjan vd Hoeven en Eelke Wiersma en ik 4e
net als in de eerste cyclus.} 0-1

[Event "HSG-Open"]
[Site "?"]
[Date "2018.06.22"]
[Round "1"]
[White "Witt, Rob"]
[Black "Van der Vegt, Seth"]
[Result "1-0"]
[WhiteElo "2168"]
[BlackElo "1953"]
[Annotator "Witt"]
[PlyCount "69"]
[EventDate "2018.??.??"]

{Ik was in de aanloop van het toernooi totaal niet gemotiveerd. Maar
terugtrekken was geen optie omdat ik dat niet kon maken tegenover Frans Arp
die bij mij logeerde. Eenmaal achter het bord gezeten, had ik er toch wel weer
zin in. De eerste ronde werd vrijdagmiddag gespeeld, want in dit toernooi
speel je twee partijen per dag.} 1. d4 e6 2. c4 b6 3. e4 Bb7 4. Bd3 f5 {
Ik meende me te herinneren dat dit minder goed is, maar dat blijkt mee te
vallen. Ik zie tenminste dat iemand als grootmeester Edouard dit regelmatig
speelt.} (4... Nc6 5. Ne2 Nb4 {heb ik nog wel eens bekeken.}) 5. exf5 Bb4+ ({
Ik wist nog dat} 5... Bxg2 {goed voor wit is, al had ik alles verder achter
het bord moeten verzinnen.}) 6. Kf1 Nf6 {Deze stelling kende ik niet en na
ruim 10 minuten verzon ik} 7. c5 $5 {Ik heb geen idee of dit de beste zet is.
Het is wel een goed teken dat Bacrot dit tegen Edouard speelde, maar er worden
ook andere zetten gespeeld door sterke spelers.} bxc5 8. a3 {Kennelijk was
Seth ook niet op de hoogte want hij dacht hier een kwartier na.} c4 {De beste
zet.} 9. Bxc4 Be7 (9... Ba5 {is misschien beter.}) 10. fxe6 O-O 11. Nc3 Kh8
$146 {lijkt niet echt nodig.} (11... dxe6) (11... d5) 12. Be3 {Ondanks een
kwartier nadenken waarschijnlijk niet de beste zet.} ({Ik dacht dat na} 12. Nf3
Ng4 {een beetje lastig was. Maar de engine vindt dat niks na} 13. h3 Bxf3 14.
gxf3 Nf6 {en nu bijv.} 15. h4 $16) 12... d5 13. Bd3 $6 {Die speelde ik
gedachtenloos.} ({Beter was} 13. Be2 {omdat zwart dan geen c5 heeft.}) ({
of misschien} 13. Ba2) 13... c5 {Die was me ontgaan en na 10 minuten speelde ik
} 14. Bf5 $6 (14. Nf3) 14... Nc6 ({Veel beter is eerst} 14... cxd4 15. Bxd4 Nc6
16. Nge2 Rc8 {en als er iemand beter staat is het eerder zwart.}) 15. Nge2 Ne8
{Na 20 minuten.} 16. Bh3 $6 {Ook die speelde ik gedachtenloos.} (16. Bb1 {
lijkt inderdaad veel beter.}) 16... Nd6 17. b3 cxd4 18. Nxd4 Ne5 (18... Nxd4
19. Bxd4 Bf6 $13) 19. Kg1 (19. g3) (19. Nce2) 19... Rc8 {Wit heeft hier nog
bijna 3 kwartier, zwart nog een kwartier (+ 10" increment) voor de rest van de
partij.} 20. Ncb5 $6 (20. Nce2 $5) 20... Ne4 $6 ({Een vreemde stelling. Na
bijv.} 20... Nxb5 21. Nxb5 Qe8 {is het helemaal niet duidelijk.}) 21. Nf5 a6 $2
{Mijn tegenstander oogde nerveus en wil zijn a-pion niet geven.} (21... Nc6 22.
Nxa7 ({Sterker lijkt me} 22. Nbd4 $14) 22... Nxa7 23. Bxa7 Nc3 {lijkt toch een
beetje ongemakkelijk voor wit al moet wit beter staan.}) 22. Nbd4 Rc3 23. Rc1 {
Wit nog een half uur, zwart 5 minuten.} (23. Qe2) 23... Rxc1 ({Zwart had te
weinig tijd. Misschien had hij moeten rommelen met} 23... Rxe3 24. fxe3 Bg5 25.
Qe2) 24. Qxc1 Nd3 $2 (24... Ng5 25. Bxg5 Bxg5 26. Qe1) 25. Qc2 Ndxf2 {Daar
hoopte ik op. Maar na andere zetten staat wit ook op winst.} 26. Bxf2 Nxf2 27.
Qxf2 g6 28. Qb2 $1 $18 gxf5 29. Nc6+ Bf6 30. Nxd8 Bxb2 31. Nxb7 Rb8 32. Na5 Rc8
33. Kf2 Rc2+ 34. Kf3 Bd4 35. Rd1 {En Seth feliciteerde me. Geen overtuigend
begin, maar een punt is een punt.} 1-0

[Event "HSG Open"]
[Site "?"]
[Date "2018.06.22"]
[Round "2"]
[White "Arnaudov, G. Petar"]
[Black "Witt, Rob"]
[Result "1-0"]
[WhiteElo "2445"]
[BlackElo "2168"]
[Annotator "Witt"]
[PlyCount "69"]
[EventDate "2018.??.??"]

{In de avondpartij trof ik deze Bulgaarse grootmeester die in Den Haag woont
en een van de oprichters is van 'Modern Chess'.} 1. Nf3 Nf6 2. c4 e6 3. g3 d5
4. Bg2 Be7 5. O-O O-O 6. d4 dxc4 7. Ne5 Nc6 8. Nxc6 bxc6 9. Na3 {Deze variant
heb ik zelf dit seizoen in de knsb gespeeld met wit en daarna nog eens goed
bekeken. Na slaan op a3 speelde Raoul van Ketel na lang nadenken Tb8. Mijn
conclusie was achteraf dat La6 beter is en wit heeft niet veel. Tevreden
speelde ik vlot} Ba6 $4 {Deze idioot vergeet op a3 te slaan! Ik had gelijk
geen zin meer in deze partij.} (9... Bxa3 10. bxa3 Ba6 {was natuurlijk mijn
bedoeling.}) 10. Qa4 {Hier zat ik enorm te balen. De zwarte stelling is
positioneel een ramp.} Qc8 11. Nxc4 Bb5 (11... Nd5 12. Bd2 {valt misschien nog
mee, zegt Stockfish.}) 12. Qc2 Nd5 13. b3 a5 14. a4 Nb4 15. Qc3 Ba6 16. Bb2 Nd5
17. Qf3 Bb7 18. Rac1 f6 19. Rfd1 Ra7 20. Ba3 Bxa3 21. Nxa3 Qd7 22. Rc5 Qe7 23.
Nc4 Rfa8 24. e4 Nb6 25. Qc3 Nxc4 26. Qxc4 Rd8 27. Rc1 Kf8 28. e5 f5 29. Bxc6 f4
30. Qc3 fxg3 31. Qf3+ {Niet zo handig.} (31. Bxb7 Rxb7 32. hxg3 $18) 31... Kg8
$2 {Zonder nadenken. Ik had de partij al een tijdje opgegeven.} ({Zwart kan
nog vechten na} 31... Qf7 {bijv.} 32. Bxb7 Rxb7 33. Qxf7+ Kxf7 34. Rxc7+ Rxc7
35. Rxc7+ Kg6 36. hxg3 Rxd4) 32. Bxb7 Rf8 33. Rxc7 gxf2+ 34. Kf1 Qh4 35. Rc8 {
Een frusterende pot. Jammer dat zo'n idiote openingsfout me nou net tegen een
grootmeester overkomt.} 1-0

[Event "HSG Open"]
[Site "?"]
[Date "2018.06.23"]
[Round "3"]
[White "Witt, Rob"]
[Black "Van de Pavoordt, Max"]
[Result "1/2-1/2"]
[WhiteElo "2168"]
[BlackElo "2004"]
[Annotator "Witt"]
[PlyCount "115"]
[EventDate "2018.??.??"]

1. d4 d5 2. c4 c6 {Ik had niets voorbereid en heel even overwoog ik de
ruilvariant.} 3. Nf3 Nf6 4. Nc3 ({Het afgelopen seizoen heb ik met} 4. e3 Bg4 {
slechte ervaringen opgedaan tegen Cees Visser en in de Belgische competitie.})
4... dxc4 5. a4 Bf5 6. e3 e6 7. Bxc4 Bb4 8. O-O O-O 9. Qe2 Nbd7 10. e4 Bg6 11.
e5 ({Ik heb dit zolang niet meer op het bord gehad dat ik vergeten was dat wit
meestal verder gaat met} 11. Bd3 Bh5 12. e5 Nd5 13. Nxd5 cxd5 14. Qe3) 11...
Nd5 12. Nxd5 cxd5 13. Bd3 Rc8 14. Bxg6 hxg6 15. Bg5 {Na 20 minuten.} ({Mijn
oorspronkelijke bedoeling} 15. Qb5 {verwierp ik wegens} Qa5 $1 $146 16. Qxd7 a6
{en zwart lijkt de dame te vangen maar wit heeft nog} 17. Bg5 Rc7 18. Bd8 Rxd7
19. Bxa5 Bxa5 $11) 15... Be7 16. h4 Bxg5 17. Nxg5 Rc4 18. Rfd1 Re8 19. b3 Rb4
20. Rd3 Nf8 {Wit nog een uur, zwart een uur en 20 minuten.} 21. Rc1 Nh7 22. Nf3
{A tempo gespeeld.} ({Veel sterker is} 22. Nxh7 $1 Kxh7 23. h5 {met groot
voordeel.}) 22... b5 $2 ({Beter was} 22... a5 {maar wit staat prettig.}) 23. a5
$1 {Na 20 minuten. Typisch zo'n zet uit de catergorie 'je ziet hem of je ziet
hem niet'. Wit staat gelijk op winst.} f6 {Na een kwartier.} (23... Qxa5 24.
Ne1 {en na bijv.} Qa3 25. Qd1 $18) 24. g3 ({Goed genoeg, maar ik weet niet
meer waarom ik niet koos voor het simpele} 24. Qd2 $18) 24... g5 25. Qe1 Qe7 {
Wit nog 35 minuten, zwart een uur.} 26. hxg5 fxg5 27. Nh2 ({Mijn eerste
gedachte} 27. g4 {was misschien nog beter.}) 27... g4 28. Nxg4 Ng5 29. Kg2 Rf8
{Wit nog 20 minuten, zwart 45 minuten.} 30. Rc2 {Hier waren wel betere zetten,
maar de zet verpest niks.} (30. f4) (30. Qd2) 30... a6 31. Nh2 (31. f4) 31...
Ne4 32. f3 Ng5 33. Rc6 {Na afloop dacht ik dat dit een fout was omdat zwart nu
met tempowinst zijn dame kan activeren. Maar er is niks mis mee.} ({Veel beter
echter was bijv.} 33. f4 Ne4 34. Ng4) 33... Qe8 34. Rc2 {Niet zo handig, maar
nog steeds goed genoeg.} ({Veel beter was} 34. Rc7 $1 $18) (34. Rd6 $2 Qg6 $1 {
is ineens onduidelijk.}) 34... Qg6 35. Qd2 Qh7 36. Kg1 $2 {Geeft het meeste
voordeel weg.} (36. Qc3 $1 {moeilijk te zien.} Qh3+ 37. Kg1 $18) 36... Nh3+ $1
37. Kf1 $6 {Wit nog een kwartier, zwart 35 minuten.} ({Ik speelde niet} 37. Kg2
{omdat ik ten onrechte dacht dat zwart weer} Ng5 {zou spelen met zetherhaling.
Maar misschien had ik dan wel} (37... Nf2 $5) 38. Qc3 $1 {gevonden.}) 37... Nf2
$1 38. Kxf2 Qxh2+ 39. Ke1 $2 {Ik laat de partij volledig uit mijn handen
glippen.} ({Goed voor wit was nog} 39. Ke3 $1 Qg1+ 40. Qf2 Qb1 41. Rcc3 {
al is het niet meer zo makkelijk.}) 39... Qg1+ 40. Ke2 Qg2+ 41. Ke1 Qh1+ 42.
Ke2 $2 {Nu staat wit zelfs totaal verloren.} (42. Kf2 Rxd4 43. f4 $17 {was
misschien nog speelbaar.}) 42... Rxd4 $19 {En dan te bedenken dat deze toren
sinds zet 23 ten dode was opgeschreven.} 43. Rc1 Qg2+ 44. Kd1 Qf1+ $2 {Nu
leeft wit nog.} (44... Rxd3 $19 45. Qxd3 Rxf3 {is totaal uit.}) 45. Kc2 Rc8+ (
45... Qxd3+ 46. Qxd3 Rxd3 47. Kxd3 Rxf3+ 48. Kd4 $13 {is een verraderlijk
toreneindspel.}) 46. Kb2 Rxc1 47. Rxd4 Rb1+ 48. Ka3 Ra1+ (48... Qxf3 49. Qc2
Qf8+ 50. Ka2) 49. Kb4 Qxf3 50. Rf4 $2 {Wit nog 5 minuten, zwart 10 minuten +
10 sec. increment.} ({Beter was} 50. Qc2 Qf8+ 51. Qc5 {Ik zag dit wel, maar
verwierp het wegens} Rc1 {maar het toreneindspel na} 52. Qxf8+ Kxf8 53. Rh4 {
is totaal onduidelijk.}) 50... Qxg3 {Hier staat zwart weer gewonnen.} 51. Kc5
Rh1 $2 (51... g5 {gevolgd door Dxe5 -+}) 52. Kb6 ({Verrassend dat} 52. Qf2 $11
{nu de beste zet was.}) 52... Qxb3 $2 {Die pion is onbelangrijk.} (52... g5 {
bood nog kansen.}) 53. Qf2 Qa3 54. Rf7 Ra1 55. Kb7 Ra2 56. Qf1 Ra1 57. Qf2 Ra2
58. Qf1 {Een horrorpartij. Misschien verdiende de partij geen winnaar hoewel
ik wel heel lang gewonnen heb gestaan.} 1/2-1/2

[Event "HSG Open"]
[Site "?"]
[Date "2018.06.23"]
[Round "4"]
[White "Cheng, Ngo Hin"]
[Black "Witt, Rob"]
[Result "1/2-1/2"]
[WhiteElo "1968"]
[BlackElo "2168"]
[Annotator "Witt"]
[PlyCount "47"]
[EventDate "2018.??.??"]

1. e4 e6 {De middagpartij had veel energie gekost. Ik had te weinig energie
over om iets anders te spelen.} 2. d4 d5 3. exd5 {Hierna had ik geen zin meer
in de partij en eigenlijk ook niet meer in het toernooi.} exd5 4. Nf3 Bd6 5.
Bd3 Nc6 6. O-O Nge7 7. Re1 Bg4 8. c3 Qd7 9. Nbd2 O-O ({Het alternatief was
natuurlijk} 9... O-O-O {maar ik vind dat beter voor wit en ik heb er ook wel
eens mee verloren. Mijn tegenstander zei na afloop dat hij het jammer vond dat
ik niet lang rokeerde, want daar had hij goede ervaringen mee.}) 10. Nf1 Bf5
11. Ng3 Bxg3 12. hxg3 f6 $6 {Nu had wit loperruil kunnen vermijden.} (12...
Bxd3 13. Qxd3 $11) 13. b3 Rfe8 14. Ba3 a6 15. Bxe7 $6 (15. Bf1) 15... Nxe7 16.
Qc2 Bxd3 17. Qxd3 Qf5 18. Qxf5 Nxf5 19. c4 Ne7 (19... h5 $5) 20. Kf1 Kf7 21.
Ke2 Nc6+ 22. Kd2 Rxe1 23. Rxe1 Rd8 24. c5 {En deze zet liet mijn sympathieke
tegenstander vergezeld gaan met het keurige 'Ik stel remise voor'. Frans Arp
was ook snel klaar zodat we misschien nog de slotfase van Duitsland-Zweden
konden zien. In de auto zeiden we nog tegen elkaar dat Duitsland dan
waarschijnlijk het winnende doelpunt zou scoren. Helaas reden we ergens
verkeerd zodat we net te laat waren om Duitsland in de 95e minuut te zien
scoren, waardoor ze nog even in het toernooi bleven.} 1/2-1/2